00983nab a2200289 uc450000100070000000500170000700800410002403500110006503500210007604000130009704100080011010000480011824500310016665000370019765000360023465000310027065000320030165000370033365000470037065000450041765000170046265000220047970000480050177301150054994200100066499900190067481170020240201185911.0030520e20030405 spa  a811700 a(OCoLC)820026871 ccomduadb aspa10aArenas Barragan, Humberto4auteaut937061510aComparacion de tecnologias aDescargas atmosféricas9108618 aProtección eléctrica931183 aEnergía potencial974821 aEnergía cinética969397 aLíneas de transmisión923186 aProteccion de aparatos electronicos922672 aProteccion de aparatos electricos920340 aNubes929408 aPararrayos94541810aContreras Gallego, Rafael4auteaut93706160 tMundo Eléctrico (Bogotá)gVolumen 17, Número 051, Abril-Junio 2003, p. 10-14w1173845x1692-70520525839 cARIMP c286746d286746